000 00305nam a22001337a 4500
008 171023b xxu||||| |||| 00| 0 eng d
020 _a9780071284189
041 _aeng
080 _212TH
_a338
100 _a54
101 _aMO
245 _aOPERATIONS & SUPPLY MANAGEMENT
_cJACOBS,F.R
942 _2udc
_cBK
999 _c35470
_d35470